Environmental sanitation, wastewater treatment and disposal (Record no. 496)

000 -LEADER
fixed length control field 00680nam a22002417a 4500
001 - CONTROL NUMBER
control field 496
003 - CONTROL NUMBER IDENTIFIER
control field BD-DhUET
008 - FIXED-LENGTH DATA ELEMENTS--GENERAL INFORMATION
fixed length control field 140722b xxu||||| |||| 00| 0 eng d
020 ## - INTERNATIONAL STANDARD BOOK NUMBER
International Standard Book Number 9789848920169
040 ## - CATALOGING SOURCE
Transcribing agency 0
Modifying agency BD-DhUET
082 ## - DEWEY DECIMAL CLASSIFICATION NUMBER
Classification number 628
Item number TAN / 2013
100 ## - MAIN ENTRY--PERSONAL NAME
Personal name Tanveer Ferdous Saeed
245 ## - TITLE STATEMENT
Title Environmental sanitation, wastewater treatment and disposal
250 ## - EDITION STATEMENT
Edition statement 1st ed.
260 ## - PUBLICATION, DISTRIBUTION, ETC. (IMPRINT)
Place of publication, distribution, etc. Dhaka
Name of publisher, distributor, etc. University Grants Commission of Bangladesh
Date of publication, distribution, etc. 2013
300 ## - PHYSICAL DESCRIPTION
Extent xvi, 343p. :
504 ## - BIBLIOGRAPHY, ETC. NOTE
Bibliography, etc Includes bibliographies
650 #0 - SUBJECT ADDED ENTRY--TOPICAL TERM
Topical term or geographic name as entry element Environmental engineering
650 #0 - SUBJECT ADDED ENTRY--TOPICAL TERM
Topical term or geographic name as entry element Sanitation engineering
700 ## - ADDED ENTRY--PERSONAL NAME
Personal name Abdullah Al-Muyeed
700 ## - ADDED ENTRY--PERSONAL NAME
Personal name Tanvir Ahmed
942 ## - ADDED ENTRY ELEMENTS (KOHA)
Koha item type General Book
Holdings
Source of classification or shelving scheme Damaged status Not for loan Koha date last seen Shelving location Price effective from Koha normalized classification for sorting Sublocation or collection (holding branch) Koha full call number Piece designation (barcode) Koha date last borrowed Koha issues (times borrowed) Date acquired Lost status Location (home branch) Koha item type Withdrawn status Copy number
   2014-07-22Circulation section2014-07-22628TAN2013Central Library, BUET628/TAN/2013112448  2014-07-22 Central Library, BUETGeneral Book 1
   2016-11-16Circulation section2014-07-22628TAN2013Central Library, BUET628/TAN/2013112449  2014-07-22 Central Library, BUETGeneral Book 2
   2014-07-22Circulation section2014-07-22628TAN2013Central Library, BUET628/TAN/2013112450  2014-07-22 Central Library, BUETGeneral Book 3
   2014-07-22Circulation section2014-07-22628TAN2013Central Library, BUET628/TAN/2013112451  2014-07-22 Central Library, BUETGeneral Book 4
   2014-07-22Circulation section2014-07-22628TAN2013Central Library, BUET628/TAN/2013112452  2014-07-22 Central Library, BUETGeneral Book 5
   2016-10-18Circulation section2014-07-22628TAN2013Central Library, BUET628/TAN/2013112453  2014-07-22 Central Library, BUETGeneral Book 6
   2016-01-18Circulation section2014-07-22628TAN2013Central Library, BUET628/TAN/2013112454  2014-07-22 Central Library, BUETGeneral Book 7
   2020-02-23Circulation section2014-07-22628TAN2013Central Library, BUET628/TAN/20131124552020-02-1812014-07-22 Central Library, BUETGeneral Book 8
   2014-07-22Circulation section2014-07-22628TAN2013Central Library, BUET628/TAN/2013112456  2014-07-22 Central Library, BUETGeneral Book 9
   2016-12-03Circulation section2014-07-22628TAN2013Central Library, BUET628/TAN/2013112457  2014-07-22 Central Library, BUETGeneral Book 10